Quiz sur le 20e arrondissement de Paris - Statistiques

Statistiques générales
  • Ce quiz a été pris 11 fois
  • Le résultat moyen est 10 sur 20
Statistiques - réponses
Question Réponse % Correct
Quelle rue, portant le nom d'une chaîne de montagne française, est la 2e plus longue rue de Paris (après la rue de Vaugirard) ? Rue des {Pyrénées}
91%
Quartiers administratifs Belleville
82%
Nom de l'arrondissement Ménilmontant
73%
Quelle entreprise française connue pour ses pneumatiques et son guide, avait sa première usine située rue de Bagnolet (alors spécialisée dans les constructions métalliques) ? Michelin
73%
Quelle ville voisine gentrifiée est parfois surnommée le "21e arrondissement" ? Montreuil
73%
Quartiers administratifs Père-Lachaise
73%
Sur quel célèbre jeu de plateau la case du boulevard de Belleville est-elle la moins chère (correspondant à la réalité) ? Monopoly
64%
Quel chanteur des Doors, membre du "Club des 27", est enterré au cimetière du Père-Lachaise ? Jim Morrison
55%
Quel homme d'État panthéonisé, principal défenseur de la République contre Thiers et Mac Mahon, fut député radical du 20e arrondissement ? Léon Gambetta
55%
Quelle rue, portant le nom d'un système de communication de messages est considérée comme le point culminant de Paris au-dessus du niveau moyen des mers ? Rue du {Télégraphe}
55%
Quelles lignes de tramway, formant une quasi-circulaire intérieure, se rejoignent à porte de Vincennes ? T3a
45%
Quelles lignes de tramway, formant une quasi-circulaire intérieure, se rejoignent à porte de Vincennes ? T3b
45%
Quel art pictural de rue est mis à l'honneur dans la rue Dénoyez ? Le graffiti
36%
Quel poète irlandais, auteur du Portrait de Dorian Gray, est également enterré au cimetière du Père-Lachaise ? Oscar Wilde
36%
Quel ariste français, surnommé le "Fou chantant", chante Ménilmontant en 1938 ? Charles Trenet
27%
Quartiers administratifs Charonne
27%
Quel microquartier pavillonaire de maisons fleuries se situe proche de la porte de Bagnolet ? La C{ampagne} à Paris
27%
Quel point de vue des hauteurs du parc de Belleville offre une vue panoramique sur Paris ? Le belvédère Willy Ronis
18%
Quartiers administratifs Saint-Fargeau
18%
Quel grand chef culinaire étoilé de Madame Brasserie à la tour Eiffel a grandi au 140 rue de Ménilmontant ? Thierry Marx
0%
Aucun quiz correspondant
Distribution des résultats
% des personnes avec chaque résultat
Percentile par nombre de réponses
Votre historique - résultats
Vous n’avez pas pris ce quiz